[Event "52nd Rubinstein Mem"]
[Site "Polanica Zdroj POL"]
[Date "2016.08.20"]
[Round "1.1"]
[White "Rozycki, Bartlomiej"]
[Black "Cyborowski, Lukasz"]
[Result "0-1"]
[BlackTitle "GM"]
[WhiteElo "2118"]
[BlackElo "2526"]
[WhiteFideId "1106996"]
[BlackFideId "1108760"]
[EventDate "2016.08.20"]

1. e4 c5 2. Nf3 d6 3. d4 Nf6 4. Nc3 cxd4 5. Nxd4 a6 6. g3 e6 7. Bg2 Be7 8. O-O
Qc7 9. Re1 O-O 10. h3 Nc6 11. Nxc6 bxc6 12. Qd4 c5 13. Qe3 Rb8 14. b3 Nd7 15.
Na4 Bb7 16. c4 Bc6 17. Nc3 a5 18. Bb2 Bf6 19. Qd3 Bd4 20. Nb5 Bxb5 21. Bxd4 cxd4
22. cxb5 Qc5 23. Rec1 Qa7 24. a4 e5 25. Rc6 Nc5 26. Qc4 Qd7 27. Qd5 Rfd8 28. Rb1
Nd3 29. Qc4 Nb4 30. Rc7 Qe6 31. Bf1 d5 32. exd5 Nxd5 33. Rc6 Qf5 34. Rd1 Nc3 35.
Rd3 Ne4 36. Qc2 Ng5 37. Bg2 e4 38. Rd1 Nf3+ 39. Kh1 d3 40. Qc5 Ne5 41. Rd6 g6
42. b6 Re8 43. Re1 Rbc8 44. Qe3 Nf3 45. Rd1 Qe5 46. Qf4 Qxf4 47. gxf4 Nh4 48. b7
Rb8 49. Rd7 Kg7 50. b4 axb4 51. a5 Nxg2 52. a6 Nxf4 53. a7 b3 54. Ra1 d2 55.
a8=Q Rxa8 56. bxa8=Q Rxa8 57. Rxa8 b2 0-1

[Event "52nd Rubinstein Mem"]
[Site "Polanica Zdroj POL"]
[Date "2016.08.20"]
[Round "1.2"]
[White "Pavlov, Sergey2"]
[Black "Luba, Lukasz"]
[Result "1-0"]
[WhiteTitle "IM"]
[WhiteElo "2473"]
[BlackElo "2117"]
[WhiteFideId "14114330"]
[BlackFideId "1117289"]
[EventDate "2016.08.20"]

1. c4 g6 2. Nf3 Bg7 3. d4 d6 4. g3 f5 5. Bg2 c6 6. Nc3 Nf6 7. O-O O-O 8. Rb1 h6
9. b4 Qc7 10. d5 Kh7 11. Nd4 cxd5 12. Nxd5 Qd7 13. b5 e6 14. Nxe6 Qxe6 15. Nc7
Qxc4 16. Nxa8 Ne4 17. Bb2 Be6 18. Rc1 Qb4 19. Bxg7 Kxg7 20. a3 Qxa3 21. Qd4+ Nf6
22. Nc7 Bf7 23. Bxb7 Nd7 24. Bd5 g5 25. Ne6+ Bxe6 26. Bxe6 Ne5 27. Bxf5 Rf7 28.
Rfd1 Ne8 29. Be6 Re7 30. Bd5 Kg6 31. Bc6 Nf7 32. Be4+ Kh5 33. g4+ Kh4 34. f3 Kh3 1-0

[Event "52nd Rubinstein Mem"]
[Site "Polanica Zdroj POL"]
[Date "2016.08.20"]
[Round "1.4"]
[White "Shishkin, Vadim UKR"]
[Black "Samborski, Henryk"]
[Result "1-0"]
[WhiteTitle "GM"]
[WhiteElo "2469"]
[BlackElo "2114"]
[WhiteFideId "14101696"]
[BlackFideId "1103849"]
[EventDate "2016.08.20"]

1. d4 c5 2. d5 g6 3. e4 d6 4. c4 Bg7 5. Nc3 Nf6 6. Bd3 O-O 7. Bg5 h6 8. Bh4 Nh5
9. Nge2 g5 10. Bg3 Nd7 11. h4 g4 12. f4 gxf3 13. gxf3 Kh8 14. Qd2 a6 15. O-O-O
b5 16. Rdg1 bxc4 17. Bxc4 Rb8 18. Bd3 Ne5 19. Bxe5 dxe5 20. Rg5 hxg5 21. hxg5
Rb6 22. Ng3 Rg6 23. Nxh5 e6 24. f4 Kg8 25. Qh2 Re8 26. Nxg7 Kxg7 27. Qh7+ Kf8
28. Qh8+ Ke7 29. Qxe5 Qd6 30. Qxd6+ Kxd6 31. e5+ Kd7 32. Bxg6 fxg6 33. d6 Rf8
34. Rh7+ Kd8 35. Ne4 1-0

[Event "52nd Rubinstein Mem"]
[Site "Polanica Zdroj POL"]
[Date "2016.08.20"]
[Round "1.5"]
[White "Betkowski, Andrzej"]
[Black "Socko, Monika"]
[Result "0-1"]
[BlackTitle "GM"]
[WhiteElo "2111"]
[BlackElo "2454"]
[WhiteFideId "1102036"]
[BlackFideId "1106619"]
[EventDate "2016.08.20"]

1. e4 c5 2. Nc3 Nc6 3. g3 g6 4. Bg2 Bg7 5. d3 e6 6. Be3 Nd4 7. Nce2 Ne7 8. c3
Nxe2 9. Nxe2 Qc7 10. Qd2 d5 11. O-O O-O 12. Bh6 Rd8 13. Bxg7 Kxg7 14. Qe3 dxe4
15. dxe4 e5 16. f4 Bg4 17. f5 f6 18. h3 Bxe2 19. Qxe2 Rd6 20. fxg6 hxg6 21. Rad1
Rad8 22. Bf3 c4 23. Rxd6 Rxd6 24. Kg2 Nc8 25. h4 Nb6 26. Rd1 Qd7 27. Rxd6 Qxd6
28. b3 cxb3 29. axb3 Nd7 30. h5 Nc5 31. hxg6 Kxg6 32. Bh5+ Kh6 33. Bf7 Kg7 34.
Bc4 Ne6 35. Bxe6 Qxe6 36. Qb5 b6 37. Qa4 Kg6 38. c4 Qd6 39. Qxa7 Qd2+ 40. Kh3
Qe1 41. Kh2 Qe2+ 42. Kg1 Qd1+ 43. Kf2 Qc2+ 44. Kf3 Qxb3+ 45. Kf2 Qc2+ 46. Kf3
Qd3+ 47. Kf2 Qxe4 48. Qxb6 Qxc4 49. Qb8 Qd4+ 50. Kg2 Qd5+ 51. Kf2 Qd2+ 52. Kf3
Qc3+ 53. Kf2 Kf5 54. Qb1+ e4 55. Qb8 Qd2+ 56. Kg1 Kg4 57. Qc8+ f5 0-1

[Event "52nd Rubinstein Mem"]
[Site "Polanica Zdroj POL"]
[Date "2016.08.20"]
[Round "1.6"]
[White "Szelag, Marcin"]
[Black "Praczukowski, Stanislaw"]
[Result "1-0"]
[WhiteTitle "IM"]
[WhiteElo "2443"]
[BlackElo "2096"]
[WhiteFideId "1112228"]
[BlackFideId "1182730"]
[EventDate "2016.08.20"]

1. e4 c5 2. Nf3 d6 3. d4 cxd4 4. Nxd4 Nf6 5. Nc3 a6 6. Be3 Ng4 7. Bg5 h6 8. Bh4
g5 9. Bg3 Bg7 10. Be2 h5 11. Bxg4 Bxg4 12. f3 Bd7 13. O-O Nc6 14. Bf2 g4 15. Nd5
Rc8 16. Nf5 Bxf5 17. exf5 gxf3 18. Qxf3 Ne5 19. Qg3 Kf8 20. Qb3 b5 21. Bh4 Bf6
22. Bxf6 exf6 23. a4 Nc4 24. Rf2 Rc5 25. Rd1 bxa4 26. Qc3 Ne5 27. Qd4 Rg8 28.
Qxa4 a5 29. Qf4 Ng4 30. Re2 Rg5 31. h3 Ne5 32. b3 Kg7 33. Kh1 Qc8 34. Nxf6 Rxf5
35. Ne8+ Kf8 36. Nxd6 Rxf4 37. Nxc8 Ng6 38. Nb6 Rb5 39. Nd5 Rf5 40. Red2 Nf4 41.
c4 Rxb3 42. Rf2 Nxd5 43. Rxf5 Ne3 44. Rb5 Rc3 45. Ra1 Rc2 46. Rbxa5 h4 47. Re1 1-0

[Event "52nd Rubinstein Mem"]
[Site "Polanica Zdroj POL"]
[Date "2016.08.20"]
[Round "1.7"]
[White "Maj, Pawel"]
[Black "Voloshin, Leonid"]
[Result "1/2-1/2"]
[BlackTitle "GM"]
[WhiteElo "2087"]
[BlackElo "2425"]
[WhiteFideId "21818290"]
[BlackFideId "311111"]
[EventDate "2016.08.20"]

1. e4 d6 2. d4 Nf6 3. Nc3 e5 4. Nf3 Nbd7 5. Bc4 Be7 6. O-O O-O 7. h3 c6 8. a4 b6
9. Re1 a6 10. d5 cxd5 11. Nxd5 Nxd5 12. Bxd5 Rb8 13. Qd3 Nc5 14. Qe2 a5 15. Be3
Kh8 16. Bxc5 bxc5 17. b3 f5 18. exf5 Bxf5 19. Be4 Bxe4 20. Qxe4 d5 21. Qe2 e4
22. Ne5 Qd6 23. Ng4 Bf6 24. Nxf6 Rxf6 25. Rad1 Rbf8 26. Qd2 Rxf2 27. Qxd5 Qxd5
28. Rxd5 Rxc2 29. Rxe4 h6 30. Rc4 Rb2 31. Rdxc5 Rxb3 32. Rc8 Rxc8 33. Rxc8+ Kh7
34. Rc5 1/2-1/2

[Event "52nd Rubinstein Mem"]
[Site "Polanica Zdroj POL"]
[Date "2016.08.20"]
[Round "1.8"]
[White "Lewtak, Damian"]
[Black "Sliwerski, Radoslaw"]
[Result "1-0"]
[WhiteElo "2389"]
[BlackElo "2077"]
[WhiteFideId "1141724"]
[BlackFideId "1115308"]
[EventDate "2016.08.20"]

1. e4 c5 2. Nf3 d6 3. Bb5+ Bd7 4. Bxd7+ Qxd7 5. O-O Nc6 6. c4 g6 7. d4 cxd4 8.
Nxd4 Bg7 9. Nxc6 Qxc6 10. Qe2 Rc8 11. Na3 Nf6 12. f3 O-O 13. Be3 a6 14. Rac1 Nd7
15. b3 Nc5 16. Nc2 Rfd8 17. Nb4 Qe8 18. Bf2 Ne6 19. Nd5 Nd4 20. Qd2 Nc6 21. b4
e6 22. Nb6 Rb8 23. a4 Qe7 24. Rfd1 a5 25. bxa5 Qf6 26. Qe1 Qe5 27. c5 dxc5 28.
Nd7 Qc7 29. Nxb8 Qxb8 30. Rxd8+ Qxd8 31. Bxc5 Bd4+ 32. Bxd4 Qxd4+ 33. Kh1 Qxa4
34. Rb1 Qxa5 35. Qxa5 Nxa5 36. Rb5 Nc6 37. Rxb7 g5 38. Kg1 Kg7 39. Kf2 e5 40.
Ke3 Nd4 41. Re7 Ne6 42. g3 Kg6 43. Re8 Kf6 44. Ra8 Kg6 45. Kd3 f6 46. Kc4 Nd4
47. Ra3 h5 48. Rd3 Ne2 49. Rd2 Ng1 50. Rf2 g4 51. f4 exf4 52. Rxf4 Nf3 53. h4
gxh3 54. Rxf3 Kg5 55. Rf4 1-0

[Event "52nd Rubinstein Mem"]
[Site "Polanica Zdroj POL"]
[Date "2016.08.20"]
[Round "1.9"]
[White "Ochowicz, Jakub"]
[Black "Cukrowski, Filip"]
[Result "1-0"]
[BlackTitle "FM"]
[WhiteElo "2069"]
[BlackElo "2381"]
[WhiteFideId "1182714"]
[BlackFideId "1171097"]
[EventDate "2016.08.20"]

1. e4 c5 2. Nf3 Nc6 3. d4 cxd4 4. Nxd4 Nf6 5. Nc3 d6 6. Bc4 e5 7. Nde2 a6 8. Bg5
Be7 9. O-O O-O 10. Bxf6 Bxf6 11. Nd5 b5 12. Bb3 Bb7 13. Qd3 Kh8 14. Rad1 Bg5 15.
g3 a5 16. c4 a4 17. cxb5 axb3 18. bxc6 Ba6 19. Qf3 bxa2 20. h4 Bh6 21. c7 Qe8
22. Nb6 Qc6 23. Nxa8 Rxa8 24. Qc3 Qxc3 25. Nxc3 Bxf1 26. Kxf1 a1=Q 27. Rxa1
Rxa1+ 28. Ke2 Ra8 29. Nd5 Bc1 30. b4 Rc8 31. b5 Rxc7 32. Nxc7 Bb2 33. b6 Bd4 34.
b7 Ba7 35. Na6 g6 36. b8=Q+ Bxb8 37. Nxb8 Kg7 38. Nd7 f5 39. Ke3 Kf7 40. f3 h6
41. g4 Ke6 42. Nf8+ Kf7 43. Nxg6 fxg4 44. Nxe5+ dxe5 45. fxg4 Ke6 46. g5 hxg5
47. hxg5 Kf7 48. Kf3 Kg7 49. Kg3 Kf7 50. Kh4 Kg7 51. Kh5 Kh7 52. g6+ Kg7 53. Kg5 1-0

[Event "52nd Rubinstein Mem"]
[Site "Polanica Zdroj POL"]
[Date "2016.08.20"]
[Round "1.10"]
[White "Farkas, Gabor1"]
[Black "Pyka, Roman"]
[Result "1-0"]
[WhiteTitle "FM"]
[WhiteElo "2368"]
[BlackElo "2065"]
[WhiteFideId "14908034"]
[BlackFideId "1102672"]
[EventDate "2016.08.20"]

1. e4 e6 2. d4 d5 3. Nc3 dxe4 4. Nxe4 Bd7 5. Bg5 Be7 6. Bxe7 Qxe7 7. Qd2 Bc6 8.
Nc3 Nf6 9. Nf3 Bxf3 10. gxf3 c6 11. Rg1 g6 12. O-O-O Nbd7 13. Ne4 O-O-O 14. Qa5
Kb8 15. Rd3 Nxe4 16. fxe4 Qf6 17. Qd2 e5 18. c3 Rhe8 19. Bg2 exd4 20. cxd4 Nb6
21. f4 Nc4 22. Qf2 c5 23. d5 Qa6 24. Qc2 Qxa2 25. Rgd1 Qa1+ 26. Qb1 Qxb1+ 27.
Kxb1 Nd6 28. e5 Nf5 29. Be4 Ng7 30. Rc1 b6 31. Rb3 Rc8 32. d6 Red8 33. Kc2 Ne6
34. Rh3 h5 35. Rf1 c4 36. Bd5 Rd7 37. Bxe6 fxe6 38. Rg1 Rg7 39. Rxh5 Kb7 40.
Rhg5 Rh8 41. Rxg6 Rxh2+ 42. Kb1 Rxg6 43. Rxg6 Rf2 44. Rxe6 Rxf4 45. Re7+ 1-0

[Event "52nd Rubinstein Mem"]
[Site "Polanica Zdroj POL"]
[Date "2016.08.20"]
[Round "1.11"]
[White "Mazalon, Mariusz"]
[Black "Kucza, Karol"]
[Result "1/2-1/2"]
[BlackTitle "FM"]
[WhiteElo "2057"]
[BlackElo "2307"]
[WhiteFideId "1103105"]
[BlackFideId "1159755"]
[EventDate "2016.08.20"]

1. d4 d5 2. c4 e6 3. Nf3 Nf6 4. g3 Be7 5. Bg2 O-O 6. O-O dxc4 7. Na3 a6 8. Nxc4
Nc6 9. Nce5 Bd7 10. b3 a5 11. a3 Nd5 12. Bb2 Bf6 13. e4 Nb6 14. Qc2 Nxe5 15.
Nxe5 a4 16. b4 Bb5 17. Rfd1 c6 18. Ng4 Be7 19. Ne3 Qd7 20. d5 cxd5 21. Bd4 Nc4
22. exd5 Nxe3 23. Bxe3 Rac8 24. Qe4 Bf6 25. dxe6 Qxe6 26. Qxe6 fxe6 27. Bd4 Bxd4
28. Rxd4 Rc2 29. f4 Bc6 30. Bxc6 bxc6 31. Re1 Kf7 32. Rde4 Re8 33. f5 Rc3 34.
fxe6+ Ke7 35. Rf1 Rf8 36. Rxf8 Kxf8 37. e7+ Ke8 38. Re6 Rxa3 39. Rxc6 Rb3 40.
Ra6 a3 41. Ra7 h5 42. b5 Rb1+ 43. Kf2 Rb2+ 44. Kf3 a2 45. h4 Rxb5 46. Rxa2 Kxe7
47. Kf4 g6 48. Ra7+ 1/2-1/2

[Event "52nd Rubinstein Mem"]
[Site "Polanica Zdroj POL"]
[Date "2016.08.20"]
[Round "1.12"]
[White "Tomczak, Mikolaj"]
[Black "Kowalski, Igor"]
[Result "1-0"]
[WhiteTitle "FM"]
[WhiteElo "2298"]
[BlackElo "2055"]
[WhiteFideId "1175114"]
[BlackFideId "1172468"]
[EventDate "2016.08.20"]

1. e4 e6 2. d4 d5 3. exd5 exd5 4. Nf3 Bd6 5. c4 c6 6. Nc3 Ne7 7. Bd3 dxc4 8.
Bxc4 Ng6 9. Ng5 Qe7+ 10. Be3 Bf4 11. Nxf7 Rf8 12. O-O Rxf7 13. Re1 Bxh2+ 14.
Kxh2 Qh4+ 15. Kg1 Re7 16. Qd2 h6 17. Qc2 Nf8 18. g3 Qh5 19. d5 Bg4 20. Be2 Nbd7
21. Ne4 Qxd5 22. Bxg4 Qxe4 23. Qd1 Qc4 24. Bf4 Qb4 25. Bd6 Qxe1+ 26. Qxe1 Rxe1+
27. Rxe1+ Kd8 28. Re7 g6 29. Rg7 1-0

[Event "52nd Rubinstein Mem"]
[Site "Polanica Zdroj POL"]
[Date "2016.08.20"]
[Round "1.13"]
[White "Janulek, Dawid"]
[Black "Siekanski, Janusz"]
[Result "1-0"]
[WhiteElo "2046"]
[BlackElo "2290"]
[WhiteFideId "1158597"]
[BlackFideId "1100599"]
[EventDate "2016.08.20"]

1. e4 c5 2. Nf3 e6 3. d4 cxd4 4. Nxd4 Nf6 5. Nc3 d6 6. g4 Nc6 7. g5 Nd7 8. Be3
Be7 9. h4 a6 10. Qd2 O-O 11. O-O-O Nxd4 12. Bxd4 b5 13. f4 b4 14. Ne2 Qa5 15.
Kb1 e5 16. Be3 Nc5 17. Bxc5 dxc5 18. f5 Rd8 19. Qc1 Rxd1 20. Qxd1 c4 21. Ng3 Qc7
22. Qd5 Bb7 23. Qxc4 Rd8 24. Bd3 Qb6 25. Rf1 Bf8 26. h5 Rc8 27. Qb3 Qe3 28. g6
Rc7 29. Bc4 Qd2 30. Bxf7+ Kh8 31. Bg8 Rd7 32. a4 Be7 33. h6 Qxh6 34. Rh1 Bh4 35.
Bxh7 Rd8 36. f6 Bc8 37. fxg7+ Kxg7 38. Qf7+ Kh8 39. Rxh4 Rd1+ 40. Ka2 b3+ 41.
cxb3 1-0

[Event "52nd Rubinstein Mem"]
[Site "Polanica Zdroj POL"]
[Date "2016.08.20"]
[Round "1.14"]
[White "Zochowski, Kacper"]
[Black "Czuchnicki, Adam"]
[Result "1-0"]
[WhiteElo "2275"]
[BlackElo "2046"]
[WhiteFideId "1125494"]
[BlackFideId "1127179"]
[EventDate "2016.08.20"]

1. e4 c5 2. Nf3 d6 3. d4 cxd4 4. Nxd4 Nf6 5. Nc3 a6 6. h3 e6 7. g4 b5 8. Bg2 Bb7
9. a3 d5 10. Bg5 b4 11. axb4 Bxb4 12. e5 h6 13. exf6 hxg5 14. fxg7 Rg8 15. O-O
Rxg7 16. Nce2 Qc7 17. c4 Nd7 18. cxd5 exd5 19. Nf5 Rh7 20. Qd3 Qe5 21. Ned4 Nf6
22. Nf3 Qe4 23. Rfe1 Bxe1 24. Nd6+ Kf8 25. Nxe4 dxe4 26. Qd6+ Kg7 27. Nd4 Bxf2+
28. Kxf2 Rhh8 29. Ra5 1-0

[Event "52nd Rubinstein Mem"]
[Site "Polanica Zdroj POL"]
[Date "2016.08.20"]
[Round "1.15"]
[White "Widla, Piotr"]
[Black "Grela, Kacper"]
[Result "0-1"]
[BlackTitle "FM"]
[WhiteElo "2042"]
[BlackElo "2274"]
[WhiteFideId "1132164"]
[BlackFideId "1154141"]
[EventDate "2016.08.20"]

1. e4 c5 2. Nc3 d6 3. g3 Nc6 4. Bg2 g6 5. d3 Bg7 6. Be3 e6 7. Qd2 Rb8 8. Nge2 b5
9. f4 b4 10. Nd1 Nge7 11. O-O Nd4 12. Nc1 O-O 13. c3 bxc3 14. bxc3 Ndc6 15. e5
dxe5 16. Bxc5 Re8 17. fxe5 Nxe5 18. Bxa7 Rb5 19. Qf2 f5 20. a4 Ng4 21. Qe2 Ra5
22. Bf2 Nxf2 23. Rxf2 Nd5 24. Nb3 Nxc3 25. Nxc3 Bxc3 26. Rc1 Re5 27. Qf3 Re1+
28. Rxe1 Bxe1 29. Re2 Bb4 30. d4 Ba6 31. Rc2 e5 32. Qc6 Bd3 33. Bd5+ Kg7 34.
Qb7+ Re7 35. Rc8 Rxb7 36. Rxd8 Re7 37. dxe5 Rxe5 38. Rd7+ Kf6 39. Bg8 Bc2 40.
Rb7 Be7 41. Rb6+ Kg7 42. Re6 Rxe6 43. Bxe6 Kf6 44. Bc4 g5 45. a5 Be4 46. Kf2 h6
47. Ke3 Ke5 48. Nd2 Bc5+ 49. Ke2 Bc6 50. Nf3+ Kd6 51. Bd3 Ke6 52. a6 Kf6 53. Bc4
g4 54. Nh4 Kg5 55. Kf1 f4 56. Ng2 f3 57. Nf4 Bb6 58. h3 gxh3 59. Nxh3+ Kg4 60.
Nf2+ Kxg3 61. Nd3 f2 62. Nxf2 Bxf2 63. a7 Bxa7 64. Bf7 Bf3 65. Ke1 Be3 66. Bg6
h5 0-1

[Event "52nd Rubinstein Mem"]
[Site "Polanica Zdroj POL"]
[Date "2016.08.20"]
[Round "1.16"]
[White "Gumularz, Szymon"]
[Black "Gromczak, Dariusz"]
[Result "1-0"]
[WhiteElo "2260"]
[BlackElo "2036"]
[WhiteFideId "1188062"]
[BlackFideId "1106155"]
[EventDate "2016.08.20"]

1. d4 f5 2. c4 Nf6 3. Nc3 g6 4. h4 Bg7 5. h5 Nxh5 6. e4 Nf6 7. exf5 gxf5 8. Bg5
e6 9. Qf3 d6 10. O-O-O Nc6 11. Nge2 Bd7 12. Nf4 Qe7 13. Nh5 O-O-O 14. d5 Ne5 15.
Qe3 Kb8 16. dxe6 Bxe6 17. Nb5 c5 18. Nxg7 Qxg7 19. f4 Nfg4 20. Qd2 Nxc4 21. Bxc4
Bxc4 22. Bxd8 Rxd8 23. Nxd6 Be6 24. Nxf5 Rxd2 25. Nxg7 Rxd1+ 26. Rxd1 Bxa2 27.
Rd8+ Kc7 28. Rh8 h6 29. Nf5 Bd5 30. g3 Nf2 31. Nxh6 Bb3 32. f5 Nd3+ 33. Kd2 c4
34. f6 Ne5 35. f7 1-0

[Event "52nd Rubinstein Mem"]
[Site "Polanica Zdroj POL"]
[Date "2016.08.20"]
[Round "1.17"]
[White "Domanski, Lukasz"]
[Black "Karpus, Michal"]
[Result "0-1"]
[BlackTitle "FM"]
[WhiteElo "2015"]
[BlackElo "2240"]
[WhiteFideId "1183575"]
[BlackFideId "1174088"]
[EventDate "2016.08.20"]

1. e4 c5 2. Nf3 e6 3. c3 d5 4. exd5 Qxd5 5. d4 Nf6 6. Be3 Nc6 7. dxc5 Qxd1+ 8.
Kxd1 Ng4 9. b4 a5 10. Bb5 Bd7 11. Ke2 Nxe3 12. fxe3 axb4 13. Bxc6 Bxc6 14. cxb4
g6 15. a3 Bg7 16. Ra2 Ke7 17. Rd1 g5 18. Kf2 g4 19. Nd4 Ba4 20. Rd3 f5 21. Nc3
Be8 22. a4 Rf8 23. b5 Rc8 24. c6 bxc6 25. b6 c5 26. Nde2 Ra8 27. a5 Ra6 28. Rd1
Bc6 29. Rb1 Be5 30. g3 Rfa8 31. Rba1 h5 32. Ra3 h4 33. Ke1 hxg3 34. hxg3 Rh8 35.
Kd2 Rd8+ 36. Ke1 Rd3 37. Kf2 Bf3 38. R1a2 Bc6 39. Ra1 Rd2 40. Rb1 Bf3 41. b7 Bb8
42. Rb5 Kd6 43. Rab3 Bc6 44. Rb6 Rxa5 45. Rb1 Kd7 0-1

[Event "52nd Rubinstein Mem"]
[Site "Polanica Zdroj POL"]
[Date "2016.08.20"]
[Round "1.18"]
[White "Nowak, Kamil"]
[Black "Faron, Rafal"]
[Result "1-0"]
[WhiteElo "2240"]
[BlackElo "2008"]
[WhiteFideId "1168681"]
[BlackFideId "1149768"]
[EventDate "2016.08.20"]

1. Nf3 d5 2. d4 Nf6 3. c4 dxc4 4. e3 Bg4 5. Bxc4 e6 6. h3 Bh5 7. Nc3 Nbd7 8. O-O
Bb4 9. a3 Bxc3 10. bxc3 O-O 11. Be2 c5 12. a4 Qc7 13. Ba3 e5 14. g4 Bg6 15. d5
e4 16. Nh4 Ne5 17. c4 Nfd7 18. Qc2 Qd6 19. Rab1 b6 20. Bb2 Rae8 21. Kh1 Nf3 22.
Bxf3 exf3 23. Nf5 Bxf5 24. Qxf5 Ne5 25. Bxe5 Rxe5 26. Qxf3 f5 27. a5 Kh8 28.
axb6 axb6 29. Qf4 Qe7 30. Rxb6 Re4 31. Re6 Rxe6 32. dxe6 fxg4 33. Qxg4 g6 34.
Rd1 Rxf2 35. Qg3 Rf8 36. Qe5+ Kg8 37. Rd7 Rf1+ 38. Kg2 Qf8 39. Qg3 Rb1 40. Qf2
Qxf2+ 41. Kxf2 Kf8 42. Rxh7 Rc1 43. Rf7+ Ke8 44. Rf4 Ke7 45. Re4 Rc2+ 46. Kg3
Rc1 47. h4 Rg1+ 48. Kf4 Rf1+ 49. Kg5 Rg1+ 50. Rg4 Re1 51. e4 Rc1 52. Kxg6 Rxc4
53. h5 1-0

[Event "52nd Rubinstein Mem"]
[Site "Polanica Zdroj POL"]
[Date "2016.08.20"]
[Round "1.19"]
[White "Koloditsova, Renata"]
[Black "Zaleski, Lukasz"]
[Result "0-1"]
[WhiteElo "1994"]
[BlackElo "2219"]
[WhiteFideId "14927705"]
[BlackFideId "1172611"]
[EventDate "2016.08.20"]

1. d4 Nf6 2. Nf3 e6 3. Bf4 c5 4. e3 Nc6 5. c3 d5 6. Nbd2 Bd6 7. Bg3 O-O 8. Bd3
Re8 9. Ne5 Bxe5 10. dxe5 Nd7 11. f4 f5 12. Bf2 c4 13. Bc2 Nc5 14. g4 Ne4 15. Qf3
b5 16. a3 Bb7 17. gxf5 exf5 18. Rg1 Qe7 19. Qh3 Qf7 20. Nf3 g6 21. Nh4 Rf8 22.
Bd1 a5 23. Bh5 Ne7 24. Bxg6 hxg6 25. Nxg6 Nxg6 26. Qh6 Ra6 27. h4 Qh7 28. Qxh7+
Kxh7 29. h5 Ne7 30. Bh4 Ng8 31. Ke2 Nh6 32. a4 bxa4 33. Rxa4 Rg8 34. Rxg8 Kxg8 0-1

[Event "52nd Rubinstein Mem"]
[Site "Polanica Zdroj POL"]
[Date "2016.08.20"]
[Round "1.20"]
[White "Gierulski, Kamil"]
[Black "Lis, Mateusz"]
[Result "1/2-1/2"]
[WhiteElo "2216"]
[BlackElo "1994"]
[WhiteFideId "1163825"]
[BlackFideId "1184733"]
[EventDate "2016.08.20"]

1. e4 c5 2. Nf3 d6 3. d4 cxd4 4. Nxd4 Nf6 5. Nc3 Nc6 6. Bc4 e6 7. Bb3 Be7 8. Be3
a6 9. Qe2 Bd7 10. a3 Rc8 11. O-O O-O 12. f4 Qc7 13. f5 Nxd4 14. Bxd4 e5 15. Be3
Bc6 16. Bg5 Bb5 17. Nxb5 Qc5+ 18. Kh1 Qxb5 19. Qxb5 axb5 20. Rfe1 Rfe8 21. Bd2
g6 22. Rf1 Kg7 23. Rae1 Bd8 24. Re2 Bb6 25. Rf3 h6 26. fxg6 fxg6 27. Bxh6+ Kxh6
28. Rxf6 Rf8 29. Rf3 Rxf3 30. gxf3 Kg5 31. Rg2+ Kf4 32. Rxg6 Kxf3 33. Rxd6 Be3
34. Rd7 Rc6 35. Rg7 Kxe4 36. Kg2 Rd6 37. Bg8 Rd2+ 38. Kh3 Bf4 39. Rg2 Rd6 40.
Bf7 Kf5 41. Rg4 Rh6+ 42. Rh4 Rxh4+ 43. Kxh4 Bc1 44. Kg3 Bxb2 45. Be8 Bxa3 46.
Bxb5 Bd6 47. Kf2 e4 48. h3 Bc5+ 1/2-1/2

[Event "52nd Rubinstein Mem"]
[Site "Polanica Zdroj POL"]
[Date "2016.08.20"]
[Round "1.21"]
[White "Wyczling, Bartosz"]
[Black "Kowalczyk, Rafal"]
[Result "0-1"]
[WhiteElo "1974"]
[BlackElo "2215"]
[WhiteFideId "1169920"]
[BlackFideId "1133853"]
[EventDate "2016.08.20"]

1. d4 Nf6 2. c4 e6 3. Nc3 Bb4 4. Qc2 d6 5. Bg5 Nbd7 6. e3 b6 7. Bd3 Bb7 8. f3 h6
9. Bh4 c5 10. Ne2 cxd4 11. exd4 g5 12. Bg3 d5 13. O-O Rc8 14. Nb5 a6 15. Nd6+
Bxd6 16. Bxd6 dxc4 17. Be4 Bc6 18. Rad1 b5 19. Kh1 Bd5 20. Ng3 Qb6 21. Be5 Nxe5
22. dxe5 Bxe4 23. Nxe4 Nxe4 24. Qxe4 Qc6 25. Qe3 Qc5 26. Qe4 b4 27. f4 c3 28.
bxc3 bxc3 29. Qa4+ Qb5 30. Qc2 gxf4 31. Rxf4 Qxe5 32. Re4 Qf5 33. Qd3 O-O 34.
Qd4 Kh7 35. Rf4 e5 36. Rxf5 exd4 37. Rf3 Rb8 38. Kg1 c2 39. Rc1 Rb1 40. Rff1
Rxc1 41. Rxc1 d3 0-1

[Event "52nd Rubinstein Mem"]
[Site "Polanica Zdroj POL"]
[Date "2016.08.20"]
[Round "1.22"]
[White "Kulas, Szymon"]
[Black "Kokoszczynski, Jan"]
[Result "0-1"]
[WhiteElo "2210"]
[BlackElo "1954"]
[WhiteFideId "1178989"]
[BlackFideId "1174460"]
[EventDate "2016.08.20"]

1. d4 Nf6 2. Nf3 e6 3. c4 d5 4. Nc3 Bb4 5. Qb3 c5 6. Bg5 Nc6 7. e3 O-O 8. a3
Bxc3+ 9. bxc3 Na5 10. Qc2 h6 11. Bh4 dxc4 12. Rd1 cxd4 13. cxd4 Qe7 14. Be2 b6
15. Ne5 Qxa3 16. Bxf6 gxf6 17. Ng4 Qb4+ 18. Kf1 Kg7 19. Rb1 Qd6 20. Bf3 Rb8 21.
e4 Qxd4 22. Rd1 Qc5 23. Qc3 e5 24. Rd5 Qc7 25. h4 Be6 26. Rh3 Bxg4 27. Bxg4 Rfd8
28. Rg3 Kf8 29. Rb5 Qc6 30. Qa3+ Qd6 31. Qc1 Nb3 32. Qxh6+ Ke7 33. Rd5 Qa3 34.
Kg1 Rxd5 35. exd5 Qc1+ 36. Qxc1 Nxc1 37. Rc3 Nb3 38. Rxc4 Nc5 39. Bf5 Kd6 40. h5
Rh8 41. g4 a5 42. Bb1 b5 43. Rc1 b4 0-1

[Event "52nd Rubinstein Mem"]
[Site "Polanica Zdroj POL"]
[Date "2016.08.20"]
[Round "1.23"]
[White "Bajkowski, Marcin"]
[Black "Dubinski, Mateusz"]
[Result "1/2-1/2"]
[BlackTitle "CM"]
[WhiteElo "1927"]
[BlackElo "2202"]
[WhiteFideId "1129139"]
[BlackFideId "1125923"]
[EventDate "2016.08.20"]

1. e4 c5 2. Nf3 d6 3. d4 cxd4 4. Nxd4 Nf6 5. Nc3 a6 6. g3 e5 7. Nb3 Be7 8. Bg2
O-O 9. O-O b5 10. a4 b4 11. Nd5 Nxd5 12. Qxd5 Ra7 13. Be3 Be6 14. Qd3 Rb7 15. a5
Qc7 16. Nd2 Rb5 17. Bb6 Qc6 18. Rfc1 Nd7 19. c4 bxc3 20. Rxc3 Qb7 21. Rac1 Bg5
22. Rc7 Qb8 23. Ba7 Qd8 24. Qxd6 Rxb2 25. f4 exf4 26. gxf4 Ne5 27. Qxd8 Rxd8 28.
fxg5 Rbxd2 29. R7c2 Rxc2 30. Rxc2 Nc4 31. Bf1 Rc8 32. Bxc4 1/2-1/2